[Event "ODJM A 2024"]
[Site "Willingen GER"]
[Date "2024.05.22"]
[Round "6"]
[White "Ellinger, Maximilian"]
[Black "Fruth, David"]
[Result "0-1"]
[Termination "normal"]
[Board "16"]
[WhiteElo "1818"]
[BlackElo "1931"]
[WhiteClock "00:02:28"]
[BlackClock "00:26:36"]
[PlyCount "102"]
[WhiteFideId "34631003"]
[BlackFideId "16257596"]
[EventCountry "GER"]
[EventRounds "9"]
[EventType "swiss"]
[EventDate "2024.05.18"]

1. e4 {[%clk 01:30:58]} {[%emt 00:00:01]} c5 {[%clk 01:30:59]} {[%emt
00:00:02]} 2. c3 {[%clk 01:31:23]} {[%emt 00:00:05]} Nf6 {[%clk 01:31:10]}
{[%emt 00:00:19]} 3. e5 {[%clk 01:31:45]} {[%emt 00:00:08]} Nd5 {[%clk
01:31:38]} {[%emt 00:00:02]} 4. Nf3 {[%clk 01:32:07]} {[%emt 00:00:07]} Nc6
{[%clk 01:32:05]} {[%emt 00:00:04]} 5. Bc4 {[%clk 01:31:43]} {[%emt 00:00:54]}
Nb6 {[%clk 01:32:27]} {[%emt 00:00:09]} 6. Bb3 {[%clk 01:32:01]} {[%emt
00:00:11]} d5 {[%clk 01:32:21]} {[%emt 00:00:35]} 7. exd6 {[%clk 01:31:56]}
{[%emt 00:00:36]} Qxd6 {[%clk 01:32:38]} {[%emt 00:00:14]} 8. O-O {[%clk
01:32:01]} {[%emt 00:00:24]} c4 {[%clk 01:29:25]} {[%emt 00:03:43]} 9. Bc2
{[%clk 01:32:26]} {[%emt 00:00:05]} Bg4 {[%clk 01:29:52]} {[%emt 00:00:03]} 10.
Qe2 {[%clk 01:22:53]} {[%emt 00:10:02]} O-O-O {[%clk 01:27:18]} {[%emt
00:03:04]} 11. Na3 {[%clk 01:20:43]} {[%emt 00:02:41]} Qf6 {[%clk 01:19:26]}
{[%emt 00:08:23]} 12. Nxc4 {[%clk 01:15:44]} {[%emt 00:05:28]} Nxc4 {[%clk
01:17:11]} {[%emt 00:02:45]} 13. Qxc4 {[%clk 01:16:08]} {[%emt 00:00:05]} Bxf3
{[%clk 01:17:20]} {[%emt 00:00:22]} 14. gxf3 {[%clk 01:16:31]} {[%emt
00:00:07]} Kb8 {[%clk 01:10:41]} {[%emt 00:07:09]} 15. Be4 {[%clk 01:05:15]}
{[%emt 00:11:46]} e6 {[%clk 01:10:04]} {[%emt 00:01:07]} 16. Qb5 {[%clk
00:55:55]} {[%emt 00:09:50]} a6 {[%clk 01:06:47]} {[%emt 00:03:48]} 17. Qh5
{[%clk 00:50:36]} {[%emt 00:05:47]} g6 {[%clk 01:04:50]} {[%emt 00:02:27]} 18.
Qh3 {[%clk 00:48:00]} {[%emt 00:03:06]} Bd6 {[%clk 01:04:41]} {[%emt 00:00:39]}
19. Bxc6 {[%clk 00:46:38]} {[%emt 00:01:52]} bxc6 {[%clk 01:05:08]} {[%emt
00:00:03]} 20. d4 {[%clk 00:44:38]} {[%emt 00:02:30]} Bc7 {[%clk 01:04:13]}
{[%emt 00:01:25]} 21. Qg4 {[%clk 00:36:05]} {[%emt 00:09:04]} Rd5 {[%clk
01:02:18]} {[%emt 00:02:25]} 22. Re1 {[%clk 00:29:33]} {[%emt 00:07:02]} g5
{[%clk 00:50:56]} {[%emt 00:11:52]} 23. Be3 {[%clk 00:26:26]} {[%emt 00:03:37]}
h5 {[%clk 00:48:44]} {[%emt 00:02:41]} 24. Qe4 {[%clk 00:25:13]} {[%emt
00:01:43]} h4 {[%clk 00:43:09]} {[%emt 00:06:06]} 25. c4 {[%clk 00:23:48]}
{[%emt 00:01:54]} Rd6 {[%clk 00:33:24]} {[%emt 00:13:45]} 26. d5 {[%clk
00:21:18]} {[%emt 00:00:17]} exd5 {[%clk 00:31:08]} {[%emt 00:01:59]} 27. Qd4
{[%clk 00:20:45]} {[%emt 00:01:02]} Qxd4 {[%clk 00:22:18]} {[%emt 00:09:20]}
28. Bxd4 {[%clk 00:21:11]} {[%emt 00:00:04]} Rhd8 {[%clk 00:21:51]} {[%emt
00:00:58]} 29. Be5 {[%clk 00:21:18]} {[%emt 00:00:24]} Re6 {[%clk 00:21:44]}
{[%emt 00:00:36]} 30. Bxc7+ {[%clk 00:21:42]} {[%emt 00:00:06]} Kxc7 {[%clk
00:22:09]} {[%emt 00:00:05]} 31. cxd5 {[%clk 00:15:01]} {[%emt 00:07:11]} cxd5
{[%clk 00:16:54]} {[%emt 00:05:46]} 32. Kf1 {[%clk 00:14:51]} {[%emt 00:00:39]}
d4 {[%clk 00:15:19]} {[%emt 00:02:06]} 33. Re4 {[%clk 00:14:00]} {[%emt
00:01:19]} Rxe4 {[%clk 00:13:51]} {[%emt 00:01:59]} 34. fxe4 {[%clk 00:14:25]}
{[%emt 00:00:05]} Kd6 {[%clk 00:14:05]} {[%emt 00:00:16]} 35. Ke2 {[%clk
00:13:21]} {[%emt 00:01:33]} Ke5 {[%clk 00:12:39]} {[%emt 00:01:57]} 36. Kd3
{[%clk 00:12:26]} {[%emt 00:01:25]} Kf4 {[%clk 00:12:28]} {[%emt 00:00:41]} 37.
Rc1 {[%clk 00:12:25]} {[%emt 00:00:31]} Rd6 {[%clk 00:10:01]} {[%emt 00:05:52]}
38. Rc2 {[%clk 00:12:01]} {[%emt 00:00:01]} Kf3 {[%clk 00:09:54]} {[%emt
00:00:06]} 39. e5 {[%clk 00:07:08]} {[%emt 00:03:52]} Rd7 {[%clk 00:09:39]}
{[%emt 00:00:45]} 40. Rc8 {[%clk 00:04:25]} {[%emt 00:05:05]} Kxf2 {[%clk
00:09:04]} {[%emt 00:00:09]} 41. Rg8 {[%clk 00:04:49]} Kg2 {[%clk 00:08:06]}
{[%emt 00:00:37]} 42. Rxg5+ {[%clk 00:05:03]} {[%emt 00:00:16]} Kxh2 {[%clk
00:08:33]} {[%emt 00:00:04]} 43. b4 {[%clk 00:25:58]} {[%emt 00:09:34]} h3
{[%clk 00:37:44]} {[%emt 00:01:19]} 44. a4 {[%clk 00:25:48]} {[%emt 00:00:41]}
Kh1 {[%clk 00:36:50]} {[%emt 00:01:24]} 45. b5 {[%clk 00:23:27]} {[%emt
00:02:50]} axb5 {[%clk 00:33:11]} {[%emt 00:04:09]} 46. axb5 {[%clk 00:23:54]}
{[%emt 00:00:03]} h2 {[%clk 00:33:17]} {[%emt 00:00:24]} 47. b6 {[%clk
00:11:27]} {[%emt 00:12:57]} Rb7 {[%clk 00:32:10]} {[%emt 00:01:37]} 48. Kxd4
{[%clk 00:09:38]} {[%emt 00:02:19]} Rxb6 {[%clk 00:32:38]} {[%emt 00:00:02]}
49. Kc5 {[%clk 00:04:16]} {[%emt 00:05:52]} Re6 {[%clk 00:26:53]} {[%emt
00:06:15]} 50. Rf5 {[%clk 00:02:01]} {[%emt 00:02:45]} Kg2 {[%clk 00:26:55]}
{[%emt 00:00:27]} 51. Rg5+ {[%clk 00:02:28]} {[%emt 00:00:03]} Kf3 {[%clk
00:26:36]} {[%emt 00:00:49]} 0-1

[Event "ODJM A 2024"]
[Site "Willingen GER"]
[Date "2024.05.22"]
[Round "6"]
[White "Nguyen, Phuc Nhat"]
[Black "Ratushnyi, Viktor"]
[Result "1/2-1/2"]
[Termination "normal"]
[Board "17"]
[WhiteElo "1893"]
[BlackElo "1880"]
[WhiteClock "00:52:56"]
[BlackClock "00:19:53"]
[PlyCount "42"]
[WhiteFideId "16253590"]
[BlackFideId "34167293"]
[EventCountry "GER"]
[EventRounds "9"]
[EventType "swiss"]
[EventDate "2024.05.18"]

1. e4 {[%clk 01:30:58]} {[%emt 00:00:02]} e5 {[%clk 01:31:00]} {[%emt
00:00:01]} 2. Nf3 {[%clk 01:31:19]} {[%emt 00:00:09]} Nc6 {[%clk 01:31:29]} 3.
Bc4 {[%clk 01:31:42]} {[%emt 00:00:07]} Be7 {[%clk 01:31:52]} {[%emt 00:00:07]}
4. d3 {[%clk 01:30:48]} {[%emt 00:01:24]} Nf6 {[%clk 01:32:09]} {[%emt
00:00:13]} 5. O-O {[%clk 01:31:08]} {[%emt 00:00:10]} O-O {[%clk 01:32:33]}
{[%emt 00:00:06]} 6. Nc3 {[%clk 01:31:35]} {[%emt 00:00:03]} d6 {[%clk
01:31:39]} {[%emt 00:01:24]} 7. a3 {[%clk 01:31:59]} {[%emt 00:00:06]} Bg4
{[%clk 01:07:28]} {[%emt 00:24:40]} 8. h3 {[%clk 01:32:24]} {[%emt 00:00:06]}
Bh5 {[%clk 01:07:44]} {[%emt 00:00:14]} 9. g4 {[%clk 01:32:48]} {[%emt
00:00:06]} Bg6 {[%clk 01:07:35]} {[%emt 00:00:38]} 10. Nh2 {[%clk 01:29:59]}
{[%emt 00:03:20]} Nd7 {[%clk 00:58:06]} {[%emt 00:09:59]} 11. f4 {[%clk
01:25:35]} {[%emt 00:04:54]} exf4 {[%clk 00:57:50]} {[%emt 00:00:46]} 12. Bxf4
{[%clk 01:25:48]} {[%emt 00:00:16]} Bg5 {[%clk 00:53:20]} {[%emt 00:05:01]} 13.
Qd2 {[%clk 01:20:21]} {[%emt 00:05:57]} Bxf4 {[%clk 00:50:55]} {[%emt
00:02:54]} 14. Qxf4 {[%clk 01:20:13]} {[%emt 00:00:38]} Nde5 {[%clk 00:39:42]}
{[%emt 00:11:44]} 15. Ba2 {[%clk 01:12:51]} {[%emt 00:07:53]} h6 {[%clk
00:38:55]} {[%emt 00:01:17]} 16. Nf3 {[%clk 01:12:15]} {[%emt 00:01:05]} Nxf3+
{[%clk 00:37:09]} {[%emt 00:02:15]} 17. Rxf3 {[%clk 01:12:27]} {[%emt
00:00:19]} Qg5 {[%clk 00:36:43]} {[%emt 00:00:55]} 18. Qxg5 {[%clk 01:04:09]}
{[%emt 00:08:49]} hxg5 {[%clk 00:34:00]} {[%emt 00:03:13]} 19. Raf1 {[%clk
01:04:03]} {[%emt 00:00:36]} Nd4 {[%clk 00:29:30]} {[%emt 00:05:00]} 20. R3f2
{[%clk 01:04:31]} {[%emt 00:00:02]} c6 {[%clk 00:29:39]} {[%emt 00:00:20]} 21.
Ne2 {[%clk 00:52:56]} {[%emt 00:12:05]} Ne6 {[%clk 00:19:53]} {[%emt 00:10:16]}
1/2-1/2

[Event "ODJM A 2024"]
[Site "Willingen GER"]
[Date "2024.05.22"]
[Round "6"]
[White "Pfaar, Zeno"]
[Black "Longo, Massimo"]
[Result "1/2-1/2"]
[Termination "normal"]
[Board "18"]
[WhiteElo "1961"]
[BlackElo "1945"]
[WhiteClock "00:15:36"]
[BlackClock "00:08:55"]
[PlyCount "65"]
[WhiteFideId "34614567"]
[BlackFideId "16205227"]
[EventCountry "GER"]
[EventRounds "9"]
[EventType "swiss"]
[EventDate "2024.05.18"]

1. e4 {[%clk 01:30:54]} {[%emt 00:00:05]} e6 {[%clk 01:30:53]} {[%emt
00:00:07]} 2. d4 {[%clk 01:31:12]} {[%emt 00:00:13]} d5 {[%clk 01:31:19]}
{[%emt 00:00:04]} 3. Nc3 {[%clk 01:31:36]} {[%emt 00:00:05]} Nf6 {[%clk
01:31:46]} {[%emt 00:00:04]} 4. Bg5 {[%clk 01:31:40]} {[%emt 00:00:25]} Bb4
{[%clk 01:31:36]} {[%emt 00:00:40]} 5. e5 {[%clk 01:31:44]} {[%emt 00:00:26]}
h6 {[%clk 01:32:01]} {[%emt 00:00:05]} 6. Bd2 {[%clk 01:31:57]} {[%emt
00:00:16]} Bxc3 {[%clk 01:31:36]} {[%emt 00:00:57]} 7. bxc3 {[%clk 01:32:19]}
{[%emt 00:00:08]} Ne4 {[%clk 01:31:51]} {[%emt 00:00:15]} 8. Bc1 {[%clk
01:32:31]} {[%emt 00:00:17]} c5 {[%clk 01:31:28]} {[%emt 00:00:53]} 9. Ne2
{[%clk 01:32:21]} {[%emt 00:00:40]} Qa5 {[%clk 01:16:48]} {[%emt 00:15:11]} 10.
f3 {[%clk 01:31:08]} {[%emt 00:01:41]} Ng5 {[%clk 01:16:09]} {[%emt 00:01:10]}
11. h4 {[%clk 01:30:39]} {[%emt 00:00:58]} Nh7 {[%clk 01:16:32]} {[%emt
00:00:08]} 12. Bd2 {[%clk 01:30:06]} {[%emt 00:01:02]} c4 {[%clk 01:12:54]}
{[%emt 00:04:10]} 13. Rh3 {[%clk 01:23:47]} {[%emt 00:06:47]} Nf8 {[%clk
01:09:40]} {[%emt 00:03:45]} 14. Rg3 {[%clk 01:19:13]} {[%emt 00:05:03]} Rh7
{[%clk 01:08:04]} {[%emt 00:02:07]} 15. Nf4 {[%clk 01:16:16]} {[%emt 00:03:27]}
Nc6 {[%clk 01:02:34]} {[%emt 00:06:01]} 16. Nh5 {[%clk 01:12:10]} {[%emt
00:04:35]} Ng6 {[%clk 01:02:14]} {[%emt 00:00:51]} 17. Nxg7+ {[%clk 01:12:15]}
{[%emt 00:00:24]} Rxg7 {[%clk 01:02:08]} {[%emt 00:00:37]} 18. h5 {[%clk
01:12:36]} {[%emt 00:00:07]} Nce7 {[%clk 00:42:54]} {[%emt 00:19:45]} 19. hxg6
{[%clk 01:12:27]} {[%emt 00:00:39]} Rxg6 {[%clk 00:42:40]} {[%emt 00:00:45]}
20. Rxg6 {[%clk 01:06:20]} {[%emt 00:06:37]} fxg6 {[%clk 00:39:43]} {[%emt
00:03:27]} 21. Qe2 {[%clk 01:00:05]} {[%emt 00:06:43]} Bd7 {[%clk 00:37:39]}
{[%emt 00:02:36]} 22. g4 {[%clk 00:52:14]} {[%emt 00:08:20]} O-O-O {[%clk
00:34:23]} {[%emt 00:03:46]} 23. O-O-O {[%clk 00:35:37]} {[%emt 00:17:07]} Ng8
{[%clk 00:23:50]} {[%emt 00:11:03]} 24. Kb2 {[%clk 00:30:45]} {[%emt 00:07:49]}
Kb8 {[%clk 00:17:13]} {[%emt 00:04:41]} 25. Bh3 {[%clk 00:27:12]} {[%emt
00:04:02]} Rc8 {[%clk 00:15:44]} {[%emt 00:01:59]} 26. Rb1 {[%clk 00:27:14]}
{[%emt 00:00:27]} g5 {[%clk 00:13:33]} {[%emt 00:02:42]} 27. Ka1 {[%clk
00:23:08]} {[%emt 00:04:36]} Rf8 {[%clk 00:12:17]} {[%emt 00:01:47]} 28. Rf1
{[%clk 00:19:23]} {[%emt 00:04:15]} Ne7 {[%clk 00:09:23]} {[%emt 00:03:24]} 29.
Kb2 {[%clk 00:15:39]} {[%emt 00:04:13]} Ng6 {[%clk 00:08:47]} {[%emt 00:01:07]}
30. Qh2 {[%clk 00:15:53]} {[%emt 00:00:15]} Qb6+ {[%clk 00:08:45]} {[%emt
00:00:33]} 31. Kc1 {[%clk 00:15:21]} {[%emt 00:01:01]} Qa5 {[%clk 00:09:01]}
{[%emt 00:00:14]} 32. Kb2 {[%clk 00:15:35]} {[%emt 00:00:16]} Qb6+ {[%clk
00:08:55]} {[%emt 00:00:37]} 33. Kc1 {[%clk 00:15:36]} {[%emt 00:00:28]}
1/2-1/2

[Event "ODJM A 2024"]
[Site "Willingen GER"]
[Date "2024.05.22"]
[Round "6"]
[White "Stegert, Jonas"]
[Black "Tulchynsky, David"]
[Result "1-0"]
[Termination "normal"]
[Board "19"]
[WhiteElo "1927"]
[BlackElo "1854"]
[WhiteClock "00:50:34"]
[BlackClock "00:20:35"]
[PlyCount "57"]
[WhiteFideId "16247965"]
[BlackFideId "16289560"]
[EventCountry "GER"]
[EventRounds "9"]
[EventType "swiss"]
[EventDate "2024.05.18"]

1. d4 {[%clk 01:30:58]} {[%emt 00:00:01]} Nf6 {[%clk 01:30:57]} {[%emt
00:00:03]} 2. c4 {[%clk 01:31:23]} {[%emt 00:00:05]} g6 {[%clk 01:31:24]}
{[%emt 00:00:03]} 3. Nc3 {[%clk 01:31:49]} {[%emt 00:00:04]} Bg7 {[%clk
01:31:52]} {[%emt 00:00:03]} 4. e4 {[%clk 01:32:14]} {[%emt 00:00:05]} d6
{[%clk 01:32:20]} {[%emt 00:00:02]} 5. Be2 {[%clk 01:32:39]} {[%emt 00:00:05]}
e5 {[%clk 01:32:20]} {[%emt 00:00:30]} 6. d5 {[%clk 01:33:02]} {[%emt
00:00:06]} O-O {[%clk 01:32:19]} {[%emt 00:00:31]} 7. Be3 {[%clk 01:33:27]}
{[%emt 00:00:05]} a5 {[%clk 01:32:29]} {[%emt 00:00:20]} 8. g4 {[%clk
01:33:38]} {[%emt 00:00:19]} Ne8 {[%clk 01:29:08]} {[%emt 00:03:51]} 9. Qd2
{[%clk 01:31:10]} {[%emt 00:02:58]} f5 {[%clk 01:28:24]} {[%emt 00:01:15]} 10.
gxf5 {[%clk 01:31:32]} {[%emt 00:00:08]} gxf5 {[%clk 01:28:52]} {[%emt
00:00:02]} 11. exf5 Bxf5 12. Nf3 {[%clk 01:31:41]} {[%emt 00:00:39]} Na6 {[%clk
01:27:30]} {[%emt 00:02:20]} 13. O-O-O {[%clk 01:30:01]} Nc5 {[%clk 01:26:55]}
{[%emt 00:03:14]} 14. h4 {[%clk 01:29:56]} a4 {[%clk 01:26:29]} {[%emt
00:01:33]} 15. h5 {[%clk 01:29:31]} a3 {[%clk 01:11:24]} {[%emt 00:16:28]} 16.
b3 {[%clk 01:29:21]} Ne4 {[%clk 01:08:13]} {[%emt 00:04:22]} 17. Nxe4 {[%clk
01:27:54]} {[%emt 00:01:57]} Bxe4 {[%clk 01:08:37]} {[%emt 00:00:05]} 18. Rh3
{[%clk 01:06:27]} {[%emt 00:21:57]} Bxf3 {[%clk 00:37:02]} {[%emt 00:32:06]}
19. Bxf3 {[%clk 01:06:49]} {[%emt 00:00:07]} e4 {[%clk 00:37:25]} {[%emt
00:00:07]} 20. Bxe4 {[%clk 01:07:05]} {[%emt 00:00:14]} Qf6 {[%clk 00:37:53]}
{[%emt 00:00:03]} 21. Rg1 {[%clk 01:04:48]} {[%emt 00:02:46]} Kh8 {[%clk
00:34:36]} {[%emt 00:03:47]} 22. Rhg3 {[%clk 01:01:54]} {[%emt 00:03:24]} Qa1+
{[%clk 00:31:49]} {[%emt 00:03:17]} 23. Bb1 {[%clk 01:02:16]} {[%emt 00:00:08]}
Bb2+ {[%clk 00:32:13]} {[%emt 00:00:06]} 24. Kc2 {[%clk 01:02:34]} {[%emt
00:00:12]} Be5 {[%clk 00:32:36]} {[%emt 00:00:06]} 25. f4 {[%clk 01:00:40]}
{[%emt 00:02:25]} Nf6 {[%clk 00:26:17]} {[%emt 00:06:49]} 26. fxe5 {[%clk
00:58:22]} {[%emt 00:02:48]} dxe5 {[%clk 00:21:31]} {[%emt 00:05:15]} 27. Qc3
{[%clk 00:50:11]} {[%emt 00:08:41]} Qxc3+ {[%clk 00:20:12]} {[%emt 00:01:50]}
28. Kxc3 {[%clk 00:50:36]} {[%emt 00:00:05]} Nxh5 {[%clk 00:20:35]} {[%emt
00:00:07]} 29. Rh3 {[%clk 00:50:34]} {[%emt 00:00:32]} 1-0

[Event "ODJM A 2024"]
[Site "Willingen GER"]
[Date "2024.05.22"]
[Round "6"]
[White "Beyer, Lorenz"]
[Black "Geist, Denis"]
[Result "1-0"]
[Termination "normal"]
[Board "20"]
[WhiteElo "1956"]
[BlackElo "1847"]
[WhiteClock "00:13:17"]
[BlackClock "00:01:25"]
[PlyCount "67"]
[WhiteFideId "16245393"]
[BlackFideId "34605100"]
[EventCountry "GER"]
[EventRounds "9"]
[EventType "swiss"]
[EventDate "2024.05.18"]

1. d4 {[%clk 01:30:57]} {[%emt 00:00:03]} d5 {[%clk 01:30:42]} {[%emt
00:00:19]} 2. Bf4 {[%clk 01:31:21]} {[%emt 00:00:05]} c5 {[%clk 01:30:53]}
{[%emt 00:00:19]} 3. e3 {[%clk 01:31:47]} {[%emt 00:00:04]} Nc6 {[%clk
01:30:21]} {[%emt 00:01:02]} 4. c3 {[%clk 01:32:11]} {[%emt 00:00:07]} Qb6
{[%clk 01:30:12]} {[%emt 00:00:38]} 5. Qc2 {[%clk 01:32:37]} {[%emt 00:00:04]}
e5 {[%clk 01:23:32]} {[%emt 00:07:10]} 6. dxe5 {[%clk 01:32:53]} {[%emt
00:00:15]} Bf5 {[%clk 01:22:16]} {[%emt 00:01:45]} 7. Qc1 {[%clk 01:27:41]}
{[%emt 00:05:42]} g5 {[%clk 01:22:41]} {[%emt 00:00:05]} 8. Bg3 {[%clk
01:28:02]} {[%emt 00:00:09]} h5 {[%clk 01:22:33]} {[%emt 00:00:39]} 9. h3
{[%clk 01:28:09]} {[%emt 00:00:23]} Nh6 {[%clk 01:14:34]} {[%emt 00:08:28]} 10.
Nd2 {[%clk 01:26:44]} {[%emt 00:01:55]} g4 {[%clk 01:12:20]} {[%emt 00:02:44]}
11. e4 {[%clk 01:13:17]} {[%emt 00:13:58]} Bxe4 {[%clk 00:56:10]} {[%emt
00:16:40]} 12. Nxe4 {[%clk 01:13:27]} {[%emt 00:00:19]} dxe4 {[%clk 00:56:33]}
{[%emt 00:00:06]} 13. e6 {[%clk 01:10:58]} {[%emt 00:03:00]} fxe6 {[%clk
00:54:44]} {[%emt 00:02:19]} 14. hxg4 {[%clk 01:07:17]} {[%emt 00:04:11]} O-O-O
{[%clk 00:47:37]} {[%emt 00:07:36]} 15. Rxh5 {[%clk 01:03:08]} {[%emt
00:04:40]} Bg7 {[%clk 00:41:08]} {[%emt 00:07:00]} 16. Be2 {[%clk 00:57:51]}
{[%emt 00:05:46]} Nf7 {[%clk 00:29:20]} {[%emt 00:12:18]} 17. Rxh8 {[%clk
00:41:18]} {[%emt 00:17:02]} Rxh8 {[%clk 00:28:18]} {[%emt 00:01:33]} 18. Qc2
{[%clk 00:37:39]} {[%emt 00:04:09]} Ng5 {[%clk 00:20:08]} {[%emt 00:08:40]} 19.
O-O-O {[%clk 00:33:22]} {[%emt 00:04:47]} Be5 {[%clk 00:15:11]} {[%emt
00:06:32]} 20. Bxe5 {[%clk 00:29:37]} {[%emt 00:03:10]} Nxe5 {[%clk 00:15:38]}
{[%emt 00:00:02]} 21. Qd2 {[%clk 00:28:00]} {[%emt 00:02:07]} Ngf7 {[%clk
00:14:05]} {[%emt 00:02:04]} 22. Qf4 {[%clk 00:25:04]} {[%emt 00:03:26]} Qc6
{[%clk 00:12:19]} {[%emt 00:02:16]} 23. Nh3 {[%clk 00:22:32]} {[%emt 00:03:01]}
Qa4 {[%clk 00:12:25]} {[%emt 00:00:25]} 24. Kb1 {[%clk 00:19:06]} {[%emt
00:03:56]} Rg8 {[%clk 00:12:50]} {[%emt 00:00:04]} 25. g5 {[%clk 00:18:30]}
{[%emt 00:01:06]} Rf8 {[%clk 00:08:00]} {[%emt 00:05:21]} 26. f3 {[%clk
00:15:11]} {[%emt 00:03:49]} Rg8 {[%clk 00:04:42]} {[%emt 00:03:48]} 27. fxe4
{[%clk 00:14:50]} {[%emt 00:00:50]} c4 {[%clk 00:02:57]} {[%emt 00:02:15]} 28.
Rd4 {[%clk 00:12:24]} {[%emt 00:02:56]} b5 {[%clk 00:03:08]} {[%emt 00:00:19]}
29. Qf6 {[%clk 00:12:38]} {[%emt 00:00:16]} Qa6 {[%clk 00:02:36]} {[%emt
00:01:02]} 30. Bh5 {[%clk 00:12:30]} {[%emt 00:03:44]} Qb7 {[%clk 00:01:35]}
{[%emt 00:00:06]} 31. Qxe6+ {[%clk 00:12:33]} {[%emt 00:00:05]} Kb8 {[%clk
00:01:50]} {[%emt 00:00:02]} 32. g6 {[%clk 00:12:42]} {[%emt 00:00:03]} Rf8
{[%clk 00:01:02]} {[%emt 00:00:31]} 33. gxf7 {[%clk 00:13:00]} {[%emt
00:00:12]} Nxf7 {[%clk 00:01:25]} {[%emt 00:00:07]} 34. Bxf7 {[%clk 00:13:17]}
{[%emt 00:00:13]} 1-0

[Event "ODJM A 2024"]
[Site "Willingen GER"]
[Date "2024.05.22"]
[Round "6"]
[White "Brandl, Lea Maria"]
[Black "Gold, Jan Christian"]
[Result "1/2-1/2"]
[Termination "normal"]
[Board "21"]
[WhiteElo "1920"]
[BlackElo "1969"]
[WhiteClock "00:06:43"]
[BlackClock "00:48:02"]
[PlyCount "81"]
[WhiteFideId "24693049"]
[BlackFideId "16298128"]
[EventCountry "GER"]
[EventRounds "9"]
[EventType "swiss"]
[EventDate "2024.05.18"]

1. d4 {[%clk 01:30:55]} {[%emt 00:00:04]} Nf6 {[%clk 01:29:57]} {[%emt
00:01:03]} 2. c4 {[%clk 01:31:13]} {[%emt 00:00:13]} c5 {[%clk 01:28:38]}
{[%emt 00:01:49]} 3. d5 {[%clk 01:31:29]} {[%emt 00:00:14]} b5 {[%clk
01:29:02]} {[%emt 00:00:06]} 4. cxb5 {[%clk 01:31:48]} {[%emt 00:00:10]} a6
{[%clk 01:29:27]} {[%emt 00:00:06]} 5. b6 {[%clk 01:31:53]} {[%emt 00:00:26]}
e6 {[%clk 01:29:04]} {[%emt 00:00:51]} 6. Nc3 {[%clk 01:30:43]} {[%emt
00:01:41]} exd5 {[%clk 01:28:59]} {[%emt 00:00:36]} 7. Nxd5 {[%clk 01:30:24]}
{[%emt 00:00:49]} Nxd5 {[%clk 01:29:07]} {[%emt 00:00:21]} 8. Qxd5 {[%clk
01:30:47]} {[%emt 00:00:07]} Nc6 {[%clk 01:29:31]} {[%emt 00:00:05]} 9. Nf3
{[%clk 01:26:03]} {[%emt 00:05:15]} Bb7 {[%clk 01:28:18]} {[%emt 00:01:43]} 10.
Ne5 {[%clk 00:56:29]} {[%emt 00:30:05]} Nxe5 {[%clk 01:27:11]} {[%emt
00:01:36]} 11. Qxe5+ {[%clk 00:55:56]} {[%emt 00:01:03]} Be7 {[%clk 01:26:28]}
{[%emt 00:01:12]} 12. Qxg7 {[%clk 00:46:50]} {[%emt 00:09:36]} Bf6 {[%clk
01:26:42]} {[%emt 00:00:16]} 13. Qg3 {[%clk 00:46:38]} {[%emt 00:00:42]} Qxb6
{[%clk 01:26:22]} {[%emt 00:00:51]} 14. Qb3 {[%clk 00:40:58]} {[%emt 00:06:10]}
Qc7 {[%clk 01:22:58]} {[%emt 00:03:53]} 15. Bd2 {[%clk 00:39:28]} {[%emt
00:02:01]} Rg8 {[%clk 01:22:22]} {[%emt 00:01:06]} 16. f3 {[%clk 00:37:17]}
{[%emt 00:02:41]} d5 {[%clk 01:20:33]} {[%emt 00:02:19]} 17. e3 {[%clk
00:34:04]} {[%emt 00:03:43]} Rb8 {[%clk 01:15:14]} {[%emt 00:05:49]} 18. Qc2
{[%clk 00:33:34]} {[%emt 00:00:59]} Bh4+ {[%clk 01:12:56]} {[%emt 00:02:47]}
19. g3 {[%clk 00:32:58]} {[%emt 00:01:08]} Rxg3 {[%clk 01:12:17]} {[%emt
00:01:08]} 20. Qa4+ {[%clk 00:29:57]} {[%emt 00:03:32]} Bc6 {[%clk 01:11:44]}
{[%emt 00:01:03]} 21. Qxh4 {[%clk 00:30:17]} {[%emt 00:00:10]} Rxf3 {[%clk
01:10:41]} {[%emt 00:01:34]} 22. Be2 {[%clk 00:29:38]} {[%emt 00:01:09]} Rf5
{[%clk 01:10:30]} {[%emt 00:00:40]} 23. Qxh7 {[%clk 00:27:36]} {[%emt
00:02:32]} Qe5 {[%clk 01:08:42]} {[%emt 00:02:18]} 24. Rf1 {[%clk 00:16:40]}
{[%emt 00:11:26]} Rxf1+ {[%clk 01:07:16]} {[%emt 00:01:56]} 25. Bxf1 {[%clk
00:15:33]} {[%emt 00:01:37]} Rxb2 {[%clk 00:57:38]} {[%emt 00:10:07]} 26. Rb1
{[%clk 00:12:57]} {[%emt 00:03:07]} Rxa2 {[%clk 00:55:38]} {[%emt 00:02:31]}
27. Rb8+ {[%clk 00:12:05]} {[%emt 00:01:20]} Ke7 {[%clk 00:55:08]} {[%emt
00:01:01]} 28. Qh4+ {[%clk 00:11:54]} {[%emt 00:00:40]} Kd6 {[%clk 00:47:39]}
{[%emt 00:10:51]} 29. Qd8+ {[%clk 00:10:32]} {[%emt 00:00:13]} Ke6 {[%clk
00:48:06]} 30. Bh3+ {[%clk 00:10:22]} {[%emt 00:00:06]} f5 {[%clk 00:48:35]}
31. Qg8+ {[%clk 00:09:04]} {[%emt 00:01:15]} Kd6 {[%clk 00:48:17]} {[%emt
00:00:47]} 32. Qd8+ {[%clk 00:06:22]} {[%emt 00:03:12]} Ke6 {[%clk 00:48:45]}
{[%emt 00:00:02]} 33. Qg8+ {[%clk 00:05:53]} {[%emt 00:01:00]} Kd6 {[%clk
00:49:02]} {[%emt 00:00:12]} 34. Qf8+ {[%clk 00:05:55]} {[%emt 00:00:28]} Ke6
{[%clk 00:49:11]} {[%emt 00:00:21]} 35. Qh6+ {[%clk 00:05:44]} {[%emt
00:00:41]} Kd7 {[%clk 00:49:28]} {[%emt 00:00:13]} 36. Qh7+ {[%clk 00:05:15]}
{[%emt 00:00:59]} Ke6 {[%clk 00:49:30]} {[%emt 00:00:28]} 37. Qg6+ {[%clk
00:05:23]} {[%emt 00:00:22]} Ke7 {[%clk 00:49:34]} {[%emt 00:00:26]} 38. Qg5+
{[%clk 00:02:45]} {[%emt 00:03:08]} Ke6 {[%clk 00:49:20]} {[%emt 00:00:45]} 39.
Qh6+ {[%clk 00:02:17]} {[%emt 00:00:57]} Ke7 {[%clk 00:48:22]} {[%emt
00:01:28]} 40. Qf8+ {[%clk 00:00:41]} {[%emt 00:02:06]} Ke6 {[%clk 00:48:02]}
{[%emt 00:00:50]} 41. Qg8+ {[%clk 00:06:43]} {[%emt 00:26:16]} 1/2-1/2